[Event "Dhaka Marcel 1st Division"]
[Site "Dhaka"]
[Date "2019.11.12"]
[Round "1.1"]
[White "Md Shafiqul, Islam"]
[Black "Badal, Halder"]
[Result "1-0"]
[WhiteElo "1920"]
[BlackElo "1841"]
[PlyCount "71"]
[EventDate "2019.11.12"]
[EventType "team-tourn"]
[EventRounds "9"]
[EventCountry "BAN"]
[SourceTitle "CBM 193 Extra"]
[Source "ChessBase"]
[SourceDate "2020.01.31"]
[SourceVersion "1"]
[SourceVersionDate "2020.01.31"]
[SourceQuality "1"]
[WhiteTeam "Leonine CC"]
[BlackTeam "Khelaghar Daba Sangah"]
[WhiteTeamCountry "BAN"]
[BlackTeamCountry "BAN"]

1. Nf3 d5 2. d4 Nf6 3. c4 e6 4. Nc3 Bb4 5. Bg5 Nbd7 6. cxd5 exd5 7. Qb3 Bxc3+ 8. bxc3 0-0 9. e3 c6 10. Bd3 Qa5 11. 0-0 Ne4 12. Be7 Re8 13. Bb4 Qc7 14. c4 dxc4 15. Bxc4 Ndf6 16. Ne5 Be6 17. f3 Bxc4 18. Qxc4 Nd6 19. Bxd6 Qxd6 20. Qxf7+ Kh8 21. Qxb7 Qe6 22. Rfc1 Rac8 23. Rxc6 Rxc6 24. Qxc6 Qxc6 25. Nxc6 Rxe3 26. Nxa7 Rd3 27. Nb5 Rd2 28. a4 Nd5 29. a5 Nf4 30. a6 Rxg2+ 31. Kh1 Rg6 32. a7 h5 33. a8Q+ Kh7 34. Qe4 Nh3 35. Qxg6+ Kxg6 36. Re1 1-0

[Event "BAN-chB 44th"]
[Site "Dhaka"]
[Date "2018.11.14"]
[Round "2"]
[White "Ikramul, Haque Siam"]
[Black "Badal, Halder"]
[Result "1-0"]
[WhiteElo "2100"]
[BlackElo "1922"]
[PlyCount "73"]
[EventDate "2018.11.13"]
[EventType "swiss"]
[EventRounds "9"]
[EventCountry "BAN"]
[SourceTitle "CBM 187 Extra"]
[Source "ChessBase"]
[SourceDate "2018.11.04"]
[SourceVersion "1"]
[SourceVersionDate "2018.11.04"]
[SourceQuality "1"]

1. d4 Nf6 2. Bg5 e6 3. Nd2 Be7 4. e4 d5 5. e5 Nfd7 6. Bxe7 Qxe7 7. Bd3 f5 8. exf6 Nxf6 9. Ngf3 Nbd7 10. 0-0 0-0 11. Re1 c5 12. c3 Re8 13. Ne5 cxd4 14. cxd4 Qb4 15. Nb3 a5 16. a3 Qe7 17. Re3 Nxe5 18. dxe5 Nd7 19. Qh5 Nf8 20. Rh3 g6 21. Qg4 Bd7 22. Re1 a4 23. Nd4 Rac8 24. Nb5 Bxb5 25. Bxb5 Red8 26. Qxa4 Nd7 27. Rhe3 Nb6 28. Qb3 Rc5 29. Bd3 Qc7 30. h4 Nd7 31. h5 Nf8 32. Rg3 Rc1 33. Qb4 Rxe1+ 34. Qxe1 Rc8 35. hxg6 hxg6 36. Bxg6 Qc1 37. Bc2+ 1-0

[Event "BAN Walton 1st League"]
[Site "Dhaka"]
[Date "2018.10.25"]
[Round "1.4"]
[White "Sonkalan, Bharati"]
[Black "Badal, Halder"]
[Result "1-0"]
[WhiteElo "2142"]
[BlackElo "1922"]
[PlyCount "93"]
[EventDate "2018.10.25"]
[EventType "team-tourn"]
[EventRounds "11"]
[EventCountry "BAN"]
[SourceTitle "CBM 187 Extra"]
[Source "ChessBase"]
[SourceDate "2018.11.04"]
[SourceVersion "1"]
[SourceVersionDate "2018.11.04"]
[SourceQuality "1"]
[WhiteTeam "Mir CC"]
[BlackTeam "Khelaghor Daba Sangah"]
[WhiteTeamCountry "BAN"]
[BlackTeamCountry "BAN"]

1. e4 e6 2. d4 d5 3. Nd2 Nf6 4. e5 Nfd7 5. Bd3 c5 6. c3 Nc6 7. Ne2 cxd4 8. cxd4 Nb4 9. Bb1 Be7 10. 0-0 0-0 11. Nf3 Re8 12. Ng3 g6 13. Qd2 Nc6 14. Qf4 f5 15. exf6 Bxf6 16. h4 e5 17. dxe5 Ndxe5 18. h5 Nxf3+ 19. Qxf3 Ne5 20. Qb3 Kg7 21. Rd1 d4 22. hxg6 hxg6 23. Ne4 Nf7 24. Be3 Bg4 25. Nxf6 Qxf6 26. Rxd4 Be6 27. Qa4 Rad8 28. Rf4 Qxb2 29. Bd4+ Rxd4 30. Qxd4+ Qxd4 31. Rxd4 Rd8 32. Rxd8 Nxd8 33. Be4 b6 34. a4 Bf7 35. a5 Ne6 36. axb6 axb6 37. Rb1 Nc5 38. Bc6 Bb3 39. Kh2 Kf6 40. Kg3 Ke5 41. Kh4 Kd6 42. Be8 Kc7 43. Bxg6 b5 44. g4 Kd6 45. f4 Bc4 46. Be8 Nd7 47. Rd1+ 1-0

[Event "BAN-chT"]
[Site "Dhaka"]
[Date "2017.12.19"]
[Round "11.4"]
[White "Mollah Abdullah, Al Rakib"]
[Black "Badal, Halder"]
[Result "1-0"]
[WhiteElo "2455"]
[BlackElo "1935"]
[PlyCount "69"]
[EventDate "2017.12.09"]
[EventType "team-tourn"]
[EventRounds "11"]
[EventCountry "BAN"]
[SourceTitle "EXT 2019"]
[Source "ChessBase"]
[SourceDate "2018.10.10"]
[SourceVersion "1"]
[SourceVersionDate "2018.10.10"]
[SourceQuality "1"]
[WhiteTeam "Saif Sporting Club"]
[BlackTeam "Sultana Kamal Smirity Pathagar"]
[WhiteTeamCountry "BAN"]
[BlackTeamCountry "BAN"]

1. d4 Nf6 2. Nf3 d6 3. g3 g6 4. Bg2 Bg7 5. 0-0 0-0 6. Re1 Nbd7 7. e4 e5 8. h3 Re8 9. dxe5 Nxe5 10. Nxe5 dxe5 11. Bg5 h6 12. Be3 Qxd1 13. Rxd1 Bd7 14. Nc3 a6 15. Rd2 Be6 16. Rad1 Kh7 17. Na4 b6 18. Nc3 Ng8 19. Nd5 Rac8 20. Bf1 Bxd5 21. exd5 b5 22. c4 Ra8 23. cxb5 axb5 24. Bxb5 Reb8 25. a4 Nf6 26. Rc2 Ne4 27. Rxc7 Nd6 28. Bc6 Ra5 29. Bd2 Rc5 30. b4 Rc2 31. a5 Ra2 32. Rd7 Bf8 33. Bc3 Ne4 34. Bxe5 Nxf2 35. Rxf7+ 1-0

[Event "BAN-chT"]
[Site "Dhaka"]
[Date "2017.12.12"]
[Round "4.4"]
[White "Islam, Sheik Md Khairul"]
[Black "Badal, Halder"]
[Result "1/2-1/2"]
[WhiteElo "1973"]
[BlackElo "1935"]
[PlyCount "134"]
[EventDate "2017.12.09"]
[EventType "team-tourn"]
[EventRounds "11"]
[EventCountry "BAN"]
[SourceTitle "CBM 182 Extra"]
[Source "ChessBase"]
[SourceDate "2018.02.23"]
[SourceVersion "1"]
[SourceVersionDate "2018.02.23"]
[SourceQuality "1"]
[WhiteTeam "Access"]
[BlackTeam "Sultana Kamal Smirity Pathagar"]
[WhiteTeamCountry "BAN"]
[BlackTeamCountry "BAN"]

1. e4 e5 2. Nf3 d6 3. Bc4 Be6 4. Bxe6 fxe6 5. c3 Be7 6. Qb3 Qc8 7. d4 exd4 8. Nxd4 e5 9. Nf5 Bf6 10. Na3 g6 11. Ng3 Na6 12. Be3 Be7 13. 0-0-0 Nf6 14. h3 b6 15. Rd2 Nc5 16. Qc4 a6 17. Bxc5 bxc5 18. Rhd1 Nd7 19. Kb1 Nb6 20. Qb3 Rf8 21. Nf1 Qd7 22. Ne3 Bg5 23. Nac4 Nxc4 24. Qxc4 Bxe3 25. fxe3 Qf7 26. Qa4+ Qd7 27. Qb3 Ke7 28. Qd5 Qe6 29. Qc6 Ra7 30. Rd5 Rf2 31. R1d2 Rxd2 32. Rxd2 Qf7 33. Kc2 Qxa2 34. Rf2 a5 35. Qb5 a4 36. Qb8 Qb3+ 37. Qxb3 axb3+ 38. Kxb3 c6 39. c4 Ke6 40. Rf8 Rb7+ 41. Kc3 Rf7 42. Rxf7 Kxf7 43. Kb3 Ke6 44. Ka4 g5 45. Ka5 d5 46. cxd5+ cxd5 47. Kb5 Kd6 48. exd5 Kxd5 49. b3 h5 50. g3 Ke4 51. Kxc5 Kxe3 52. b4 Kf3 53. b5 e4 54. b6 e3 55. b7 e2 56. b8Q e1Q 57. h4 Qe3+ 58. Kc6 g4 59. Qd6 Kf2 60. Kd7 Qxg3 61. Qc5+ Kg2 62. Qxh5 Kh3 63. Qh6 Qxh4 64. Qc1 g3 65. Qh1+ Kg4 66. Qe4+ Kg5 67. Qe7+ Kh5 1/2-1/2

[Event "BAN-chB 43rd"]
[Site "Dhaka"]
[Date "2017.11.09"]
[Round "3"]
[White "Badal, Halder"]
[Black "Md, Matiur Rahman"]
[Result "1/2-1/2"]
[WhiteElo "1779"]
[BlackElo "1953"]
[PlyCount "63"]
[EventDate "2017.11.07"]
[EventType "swiss"]
[EventRounds "11"]
[EventCountry "BAN"]
[SourceTitle "CBM 181 Extra"]
[Source "ChessBase"]
[SourceDate "2017.12.12"]
[SourceVersion "1"]
[SourceVersionDate "2017.12.12"]
[SourceQuality "1"]

1. e4 c5 2. Nf3 d6 3. d4 cxd4 4. Nxd4 Nf6 5. Nc3 a6 6. h3 b5 7. Be3 b4 8. Nd5 Nxe4 9. Qf3 Nc5 10. Nf6+ gxf6 11. Qxa8 Bb7 12. Qa7 e5 13. Ne6 fxe6 14. Bxc5 Qc7 15. Qb6 Qxb6 16. Bxb6 Kd7 17. 0-0-0 f5 18. Rg1 Bh6+ 19. Be3 Bxe3+ 20. fxe3 Rg8 21. Kd2 h5 22. Ke2 Be4 23. Rd2 Kc7 24. Kf2 Bb7 25. g3 Nd7 26. Be2 Nf6 27. Bf3 Bxf3 28. Kxf3 Ne4 29. Rdd1 d5 30. Ra1 Nd2+ 31. Ke2 Ne4 32. Kf3 1/2-1/2

[Event "BAN-chT"]
[Site "Dhaka"]
[Date "2016.11.29"]
[Round "7.3"]
[White "Sabya, Sachi"]
[Black "Badal, Halder"]
[Result "1-0"]
[WhiteElo "1896"]
[BlackElo "1900"]
[PlyCount "67"]
[EventDate "2016.11.23"]
[EventType "team-tourn"]
[EventRounds "9"]
[EventCountry "BAN"]
[SourceTitle "EXT 2018"]
[Source "ChessBase"]
[SourceDate "2017.10.13"]
[SourceVersion "1"]
[SourceVersionDate "2017.10.13"]
[SourceQuality "1"]
[WhiteTeam "Debdas Biswas Smirity Sangsad"]
[BlackTeam "Mir CC"]
[WhiteTeamCountry "BAN"]
[BlackTeamCountry "BAN"]

1. d4 Nf6 2. c4 e6 3. Nf3 d5 4. Nc3 Bb4 5. Bd2 c6 6. e3 0-0 7. Qc2 Nbd7 8. Bd3 Re8 9. 0-0 Bd6 10. e4 dxe4 11. Nxe4 Nxe4 12. Bxe4 Nf8 13. Ng5 f5 14. Bd3 Qf6 15. Nf3 Ng6 16. Bg5 Qf7 17. Rfe1 h6 18. Bd2 Nf4 19. Bxf4 Bxf4 20. Re2 Qh5 21. Rae1 Bd7 22. h3 Rad8 23. b4 Rf8 24. a4 Rf6 25. b5 Rg6 26. Kf1 Rf8 27. d5 exd5 28. Re7 Bc8 29. cxd5 Bd6 30. Re8 c5 31. Rxc8 Rxc8 32. Bxf5 Rxg2 33. Kxg2 Rf8 34. Bg4 1-0

[Event "BAN-chT"]
[Site "Dhaka"]
[Date "2016.11.27"]
[Round "5.3"]
[White "Hossain, Showkat Pollab"]
[Black "Badal, Halder"]
[Result "1-0"]
[WhiteElo "2102"]
[BlackElo "1900"]
[PlyCount "49"]
[EventDate "2016.11.23"]
[EventType "team-tourn"]
[EventRounds "9"]
[EventCountry "BAN"]
[SourceTitle "EXT 2018"]
[Source "ChessBase"]
[SourceDate "2017.10.13"]
[SourceVersion "1"]
[SourceVersionDate "2017.10.13"]
[SourceQuality "1"]
[WhiteTeam "Sheikh Russel"]
[BlackTeam "Mir CC"]
[WhiteTeamCountry "BAN"]
[BlackTeamCountry "BAN"]

1. e4 e6 2. d3 d5 3. Nd2 Bc5 4. Qe2 Ne7 5. g3 0-0 6. Bg2 f5 7. Ngf3 Nbc6 8. 0-0 f4 9. Nb3 Bb6 10. Bxf4 Ng6 11. Bg5 Nce7 12. c4 c6 13. c5 Bc7 14. e5 h6 15. Bxe7 Qxe7 16. d4 b6 17. Rac1 a5 18. cxb6 Ba6 19. Qc2 Bxf1 20. Kxf1 a4 21. Nc5 Bxb6 22. Qxg6 Bxc5 23. Rxc5 Rab8 24. Rc2 c5 25. dxc5 1-0

[Event "BAN-chT"]
[Site "Dhaka"]
[Date "2016.11.25"]
[Round "3.3"]
[White "Shawket Bin, Osman Shaon"]
[Black "Badal, Halder"]
[Result "1-0"]
[WhiteElo "2082"]
[BlackElo "1900"]
[PlyCount "99"]
[EventDate "2016.11.23"]
[EventType "team-tourn"]
[EventRounds "9"]
[EventCountry "BAN"]
[SourceTitle "EXT 2018"]
[Source "ChessBase"]
[SourceDate "2017.10.13"]
[SourceVersion "1"]
[SourceVersionDate "2017.10.13"]
[SourceQuality "1"]
[WhiteTeam "Hasan Memorial CC"]
[BlackTeam "Mir CC"]
[WhiteTeamCountry "BAN"]
[BlackTeamCountry "BAN"]

1. d4 Nf6 2. Nc3 d5 3. Nf3 c6 4. g3 Nbd7 5. Bg2 g6 6. 0-0 Bg7 7. Re1 0-0 8. e4 dxe4 9. Nxe4 Nxe4 10. Rxe4 Nf6 11. Re1 Be6 12. Rxe6 fxe6 13. Ng5 e5 14. Ne6 Qd6 15. Nxf8 Rxf8 16. Be3 Rd8 17. c3 Ne8 18. Qb3+ Kh8 19. dxe5 Bxe5 20. Qxb7 Rb8 21. Qxc6 Qxc6 22. Bxc6 Nd6 23. Bxa7 Rxb2 24. Bd4 Bxd4 25. cxd4 Rc2 26. d5 Nc4 27. a4 Na5 28. Re1 Nxc6 29. dxc6 Rxc6 30. Rxe7 Ra6 31. Re4 Kg7 32. Kf1 Kf6 33. Ke2 Kf5 34. f3 h5 35. Ke3 Rb6 36. g4+ hxg4 37. fxg4+ Kg5 38. Kf3 Rb3+ 39. Re3 Rb4 40. Ra3 Rf4+ 41. Ke3 Kxg4 42. Ra2 Rf6 43. Kd4 Kh3 44. a5 g5 45. a6 g4 46. a7 Rf8 47. a8Q Rxa8 48. Rxa8 Kxh2 49. Ke3 Kg3 50. Rg8 1-0